[Event "ChampionshipRT"]
[Site "?"]
[Date "2015.10.06"]
[Round "5.4"]
[White "Sharafiev, Azat"]
[Black "Korovin, Mikhail"]
[Result "1/2-1/2"]
[LiveChessVersion "1.4.6"]
[BlackElo "2227"]
[WhiteElo "2419"]

1. e4 {[%clk 1:30:53]} e6 {[%clk 1:30:43]} 2. d4 {[%clk 1:31:06]} d5
{[%clk 1:31:08]} 3. Nd2 {[%clk 1:31:24]} Nc6 {[%clk 1:30:51]} 4. Ngf3
{[%clk 1:31:38]} Nf6 {[%clk 1:31:11]} 5. e5 {[%clk 1:32:04]} Nd7 {[%clk 1:31:37]}
6. b3 {[%clk 1:32:30]} Be7 {[%clk 1:17:02]} 7. Bb2 {[%clk 1:31:49]} O-O
{[%clk 1:17:19]} 8. g3 {[%clk 1:29:13]} a5 {[%clk 1:16:53]} 9. a4
{[%clk 1:22:39]} b6 {[%clk 1:17:01]} 10. h4 {[%clk 1:20:10]} f5 {[%clk 1:07:19]}
11. Bb5 {[%clk 1:17:25]} Ncb8 {[%clk 1:07:09]} 12. O-O {[%clk 1:17:36]} c6
{[%clk 1:07:30]} 13. Be2 {[%clk 1:17:08]} Qe8 {[%clk 1:04:36]} 14. Ng5
{[%clk 1:13:51]} Bxg5 {[%clk 1:01:40]} 15. hxg5 {[%clk 1:14:17]} c5
{[%clk 1:01:24]} 16. c4 {[%clk 1:07:42]} Bb7 {[%clk 0:59:03]} 17. Bf3
{[%clk 1:02:38]} cxd4 {[%clk 0:56:56]} 18. Re1 {[%clk 0:55:59]} Nc6
{[%clk 0:48:33]} 19. cxd5 {[%clk 0:55:31]} Ncxe5 {[%clk 0:48:53]} 20. Bg2
{[%clk 0:54:39]} Nd3 {[%clk 0:48:52]} 21. Rxe6 {[%clk 0:50:07]} Nxb2
{[%clk 0:49:16]} 22. Rxe8 {[%clk 0:46:49]} Nxd1 {[%clk 0:49:40]} 23. Rxa8
{[%clk 0:46:48]} Bxa8 {[%clk 0:36:21]} 24. Rxd1 {[%clk 0:47:09]} Nc5
{[%clk 0:36:45]} 25. Nc4 {[%clk 0:39:14]} Rb8 {[%clk 0:37:03]} 26. Ne5
{[%clk 0:38:28]} Rd8 {[%clk 0:35:18]} 27. Rxd4 {[%clk 0:24:18]} Nxb3
{[%clk 0:35:37]} 28. Rc4 {[%clk 0:24:32]} Nc5 {[%clk 0:34:10]} 29. Nc6
{[%clk 0:24:44]} Rd7 {[%clk 0:33:37]} 30. Rd4 {[%clk 0:21:38]} Kf8
{[%clk 0:26:11]} 31. Ne5 {[%clk 0:18:24]} Rd8 {[%clk 0:25:35]} 32. Rh4
{[%clk 0:18:11]} Bxd5 {[%clk 0:23:35]} 33. Rd4 {[%clk 0:03:46]} 1/2-1/2

[Event "ChampionshipRT"]
[Site "?"]
[Date "2015.10.06"]
[Round "5.5"]
[White "Murtazin, Bulat"]
[Black "Murzin, Lenar"]
[Result "1-0"]
[LiveChessVersion "1.4.6"]
[BlackElo "2102"]
[WhiteElo "2384"]

1. d4 {[%clk 1:30:57]} Nf6 {[%clk 1:30:42]} 2. c4 {[%clk 1:31:12]} e6
{[%clk 1:31:03]} 3. Nf3 {[%clk 1:31:32]} b6 {[%clk 1:31:16]} 4. a3
{[%clk 1:31:49]} Bb7 {[%clk 1:31:26]} 5. Nc3 {[%clk 1:32:10]} d5 {[%clk 1:31:43]}
6. cxd5 {[%clk 1:32:28]} Nxd5 {[%clk 1:32:05]} 7. Qc2 {[%clk 1:32:53]} Nxc3
{[%clk 1:32:03]} 8. bxc3 {[%clk 1:33:15]} Nd7 {[%clk 1:32:18]} 9. e4
{[%clk 1:18:19]} c5 {[%clk 1:29:35]} 10. Bg5 {[%clk 1:03:59]} Be7
{[%clk 1:25:00]} 11. Bxe7 {[%clk 1:01:12]} Qxe7 {[%clk 1:25:19]} 12. Bd3
{[%clk 1:01:36]} O-O {[%clk 1:21:42]} 13. O-O {[%clk 0:58:04]} cxd4
{[%clk 1:21:40]} 14. cxd4 {[%clk 0:58:22]} Rac8 {[%clk 1:21:56]} 15. Qa4
{[%clk 0:49:58]} a6 {[%clk 1:08:45]} 16. Rfc1 {[%clk 0:33:36]} e5
{[%clk 1:04:19]} 17. d5 {[%clk 0:16:37]} Rc5 {[%clk 1:02:35]} 18. Rxc5
{[%clk 0:15:11]} Nxc5 {[%clk 1:01:55]} 19. Qb4 {[%clk 0:15:22]} Qf6
{[%clk 1:00:45]} 20. Bc2 {[%clk 0:15:37]} Rc8 {[%clk 0:56:48]} 21. Rb1
{[%clk 0:13:00]} Nd7 {[%clk 0:52:26]} 22. Bd3 {[%clk 0:13:26]} Rc5
{[%clk 0:49:39]} 23. Nd2 {[%clk 0:12:44]} h6 {[%clk 0:46:06]} 24. h3
{[%clk 0:12:22]} a5 {[%clk 0:43:07]} 25. Qb2 {[%clk 0:10:39]} Bc8
{[%clk 0:40:31]} 26. Nc4 {[%clk 0:06:08]} Ba6 {[%clk 0:39:06]} 27. Nxb6
{[%clk 0:01:35]} Qxb6 {[%clk 0:36:06]} 28. Qxb6 {[%clk 0:01:58]} Nxb6
{[%clk 0:35:47]} 29. Bxa6 {[%clk 0:02:26]} Nd7 {[%clk 0:34:49]} 30. Rb7
{[%clk 0:02:22]} Nf6 {[%clk 0:34:15]} 31. f3 {[%clk 0:02:33]} Rc3
{[%clk 0:34:01]} 32. a4 {[%clk 0:02:27]} Kf8 {[%clk 0:32:50]} 33. Bb5
{[%clk 0:01:22]} Rc1+ {[%clk 0:31:53]} 34. Kf2 {[%clk 0:01:08]} Rc2+
{[%clk 0:32:08]} 35. Ke3 {[%clk 0:00:59]} g5 {[%clk 0:30:25]} 36. d6
{[%clk 0:00:49]} Rc8 {[%clk 0:30:28]} 37. d7 {[%clk 0:00:52]} Rd8
{[%clk 0:30:18]} 38. Ra7 {[%clk 0:01:18]} Ke7 {[%clk 0:29:52]} 39. Rxa5
{[%clk 0:01:43]} Rb8 {[%clk 0:28:03]} 40. Ra7 {[%clk 0:01:54]} Kd8
{[%clk 0:28:20]} 41. Ra6 {[%clk 0:01:00]} Ke7 {[%clk 0:28:06]} 42. Rc6
{[%clk 0:01:24]} Rb7 {[%clk 0:25:53]} 43. Rxf6 {[%clk 0:01:48]} 1-0

[Event "ChampionshipRT"]
[Site "?"]
[Date "2015.10.06"]
[Round "5.6"]
[White "Chupakhin, Evgeny"]
[Black "Rodchenkov, Vitaly"]
[Result "1/2-1/2"]
[LiveChessVersion "1.4.6"]
[BlackElo "2327"]
[WhiteElo "2042"]

1. g3 {[%clk 1:26:26]} e5 {[%clk 1:30:02]} 2. c3 {[%clk 1:25:14]} d5
{[%clk 1:24:07]} 3. d4 {[%clk 1:25:24]} exd4 {[%clk 1:24:17]} 4. cxd4
{[%clk 1:25:52]} Bd6 {[%clk 1:24:17]} 5. Nc3 {[%clk 1:24:47]} c6 {[%clk 1:24:26]}
6. Bg2 {[%clk 1:23:25]} Ne7 {[%clk 1:24:32]} 7. Bg5 {[%clk 1:21:56]} f6
{[%clk 1:24:45]} 8. Bf4 {[%clk 1:22:12]} Bxf4 {[%clk 1:23:48]} 9. gxf4
{[%clk 1:22:40]} Nd7 {[%clk 1:19:18]} 10. e3 {[%clk 1:20:50]} Nb6
{[%clk 1:17:33]} 11. Qh5+ {[%clk 1:16:39]} g6 {[%clk 1:17:43]} 12. Qh4
{[%clk 1:16:52]} Nf5 {[%clk 1:18:01]} 13. Qg4 {[%clk 1:15:56]} Nxd4
{[%clk 1:16:45]} 14. Qd1 {[%clk 1:16:24]} Nf5 {[%clk 1:16:59]} 15. Nge2
{[%clk 1:16:23]} Nc4 {[%clk 1:11:06]} 16. Qb3 {[%clk 1:15:20]} Nh4
{[%clk 1:10:17]} 17. Rg1 {[%clk 1:14:45]} Nxg2+ {[%clk 1:10:11]} 18. Rxg2
{[%clk 1:15:13]} Qb6 {[%clk 1:10:25]} 19. Qxb6 {[%clk 1:14:09]} axb6
{[%clk 1:10:28]} 20. O-O-O {[%clk 1:14:24]} b5 {[%clk 1:09:23]} 21. b3
{[%clk 1:09:36]} Nd6 {[%clk 1:09:16]} 22. Kb2 {[%clk 1:10:00]} Bf5
{[%clk 1:08:12]} 23. Nd4 {[%clk 1:07:48]} Kf7 {[%clk 1:03:29]} 24. Re1
{[%clk 1:02:07]} Bh3 {[%clk 0:56:05]} 25. Rgg1 {[%clk 1:00:00]} Rhe8
{[%clk 0:56:11]} 26. Re2 {[%clk 0:56:36]} Re7 {[%clk 0:54:20]} 27. Rc2
{[%clk 0:50:22]} Ree8 {[%clk 0:43:46]} 28. Re1 {[%clk 0:48:00]} Ra5
{[%clk 0:43:53]} 29. b4 {[%clk 0:40:00]} Nc4+ {[%clk 0:42:51]} 30. Kc1
{[%clk 0:40:22]} Ra3 {[%clk 0:42:11]} 31. e4 {[%clk 0:25:38]} dxe4
{[%clk 0:42:20]} 32. Ncxb5 {[%clk 0:25:13]} cxb5 {[%clk 0:42:03]} 33. Nxb5
{[%clk 0:25:36]} Bd7 {[%clk 0:33:40]} 34. Nxa3 {[%clk 0:24:57]} Nxa3
{[%clk 0:34:02]} 35. Rc7 {[%clk 0:23:48]} Rc8 {[%clk 0:34:05]} 36. Rxc8
{[%clk 0:24:11]} Bxc8 {[%clk 0:34:33]} 37. Rxe4 {[%clk 0:23:20]} Be6
{[%clk 0:32:44]} 38. Kb2 {[%clk 0:17:52]} Nc4+ {[%clk 0:31:38]} 39. Kc3
{[%clk 0:17:24]} Nd6 {[%clk 0:31:54]} 40. Re2 {[%clk 0:17:13]} b5
{[%clk 0:23:09]} 41. Kd4 {[%clk 0:15:40]} Bc4 {[%clk 0:21:16]} 42. Re1
{[%clk 0:14:05]} Nf5+ {[%clk 0:12:03]} 43. Kc5 {[%clk 0:14:00]} Ng7
{[%clk 0:12:20]} 44. Rc1 {[%clk 0:10:03]} Ne6+ {[%clk 0:12:07]} 45. Kb6
{[%clk 0:09:59]} Nxf4 {[%clk 0:11:33]} 46. a4 {[%clk 0:06:16]} Nd3
{[%clk 0:11:43]} 47. Ra1 {[%clk 0:06:17]} bxa4 {[%clk 0:10:27]} 48. f3
{[%clk 0:03:27]} g5 {[%clk 0:06:35]} 49. Rxa4 {[%clk 0:03:35]} Ne5
{[%clk 0:06:50]} 50. Kc5 {[%clk 0:03:50]} Be2 {[%clk 0:07:11]} 51. b5
{[%clk 0:03:18]} Bxb5 {[%clk 0:07:20]} 52. Kxb5 {[%clk 0:03:40]} Nxf3
{[%clk 0:07:45]} 53. Ra2 {[%clk 0:03:34]} g4 {[%clk 0:07:13]} 54. Kc4
{[%clk 0:03:28]} Kg6 {[%clk 0:07:32]} 55. Kd3 {[%clk 0:03:26]} Kg5
{[%clk 0:07:42]} 56. Ke3 {[%clk 0:03:41]} f5 {[%clk 0:06:25]} 57. h3
{[%clk 0:02:14]} h5 {[%clk 0:06:13]} 58. Ra5 {[%clk 0:01:31]} Nh4
{[%clk 0:06:07]} 59. Kf2 {[%clk 0:01:19]} Nf3 {[%clk 0:05:41]} 60. Kg2
{[%clk 0:01:01]} Nd2 {[%clk 0:05:11]} 61. hxg4 {[%clk 0:00:34]} hxg4
{[%clk 0:05:35]} 62. Ra8 {[%clk 0:01:02]} Ne4 {[%clk 0:05:54]} 63. Rg8+
{[%clk 0:00:36]} Kf4 {[%clk 0:06:18]} 64. Ra8 {[%clk 0:01:06]} Nf6
{[%clk 0:06:15]} 65. Ra4+ {[%clk 0:00:56]} Ne4 {[%clk 0:06:04]} 66. Ra8
{[%clk 0:01:26]} Nd2 {[%clk 0:05:15]} 67. Ra2 {[%clk 0:01:20]} Nf3
{[%clk 0:05:17]} 68. Ra4+ {[%clk 0:01:40]} Kg5 {[%clk 0:05:37]} 69. Ra5
{[%clk 0:02:02]} Nd4 {[%clk 0:05:42]} 70. Rd5 {[%clk 0:02:02]} Ne2
{[%clk 0:05:58]} 71. Ra5 {[%clk 0:02:17]} Nf4+ {[%clk 0:06:13]} 72. Kg3
{[%clk 0:01:43]} Nh5+ {[%clk 0:06:36]} 73. Kg2 {[%clk 0:02:00]} Nf6
{[%clk 0:06:02]} 74. Kg3 {[%clk 0:01:17]} Ne4+ {[%clk 0:06:25]} 75. Kg2
{[%clk 0:01:42]} Kf4 {[%clk 0:06:54]} 76. Ra4 {[%clk 0:01:21]} Kg5
{[%clk 0:05:11]} 77. Ra5 {[%clk 0:01:43]} Nd6 {[%clk 0:05:05]} 78. Rd5
{[%clk 0:01:37]} Nc4 {[%clk 0:05:19]} 79. Rc5 {[%clk 0:01:49]} Ne3+
{[%clk 0:04:58]} 80. Kg3 {[%clk 0:01:34]} Nf1+ {[%clk 0:05:10]} 81. Kg2
{[%clk 0:00:48]} Nd2 {[%clk 0:05:35]} 82. Rd5 {[%clk 0:01:06]} Ne4
{[%clk 0:05:48]} 83. Ra5 {[%clk 0:01:30]} Nd6 {[%clk 0:05:59]} 84. Rd5
{[%clk 0:01:25]} Ne8 {[%clk 0:06:18]} 85. Kg3 {[%clk 0:01:36]} Nf6
{[%clk 0:06:40]} 86. Ra5 {[%clk 0:02:02]} Nh5+ {[%clk 0:07:05]} 87. Kg2
{[%clk 0:02:08]} Ng7 {[%clk 0:07:27]} 88. Kg3 {[%clk 0:01:29]} Ne8
{[%clk 0:07:50]} 89. Re5 {[%clk 0:01:49]} Nd6 {[%clk 0:07:47]} 90. Ra5
{[%clk 0:02:17]} Ne4+ {[%clk 0:08:03]} 91. Kg2 {[%clk 0:02:46]} Kf6
{[%clk 0:08:32]} 92. Ra6+ {[%clk 0:01:45]} Kg7 {[%clk 0:08:28]} 93. Ra7+
{[%clk 0:01:32]} Kg6 {[%clk 0:08:27]} 94. Ra6+ {[%clk 0:01:38]} Nf6
{[%clk 0:08:30]} 95. Kg3 {[%clk 0:01:51]} Kg5 {[%clk 0:08:47]} 96. Ra5
{[%clk 0:02:11]} Ng8 {[%clk 0:09:04]} 97. Rb5 {[%clk 0:02:09]} Ne7
{[%clk 0:08:34]} 98. Rc5 {[%clk 0:01:56]} Kf6 {[%clk 0:08:49]} 99. Ra5
{[%clk 0:01:49]} Ke6 {[%clk 0:08:52]} 100. Ra6+ {[%clk 0:00:46]} Ke5
{[%clk 0:09:10]} 101. Ra5+ {[%clk 0:00:55]} Nd5 {[%clk 0:09:33]} 102. Ra8
{[%clk 0:00:52]} Nf6 {[%clk 0:09:11]} 103. Ra5+ {[%clk 0:01:12]} Nd5
{[%clk 0:08:45]} 104. Ra8 {[%clk 0:01:41]} Kf6 {[%clk 0:09:06]} 105. Ra5
{[%clk 0:02:03]} Nc3 {[%clk 0:09:07]} 106. Kf4 {[%clk 0:01:18]} Ne2+
{[%clk 0:09:26]} 107. Ke3 {[%clk 0:01:39]} Ng3 {[%clk 0:09:50]} 108. Ra6+
{[%clk 0:01:21]} Kg5 {[%clk 0:09:43]} 109. Ra5 {[%clk 0:01:40]} Nh5
{[%clk 0:09:31]} 110. Rb5 {[%clk 0:01:46]} Ng7 {[%clk 0:09:49]} 111. Ra5
{[%clk 0:02:03]} 1/2-1/2

[Event "ChampionshipRT"]
[Site "?"]
[Date "2015.10.06"]
[Round "5.7"]
[White "Lebedev, Yury"]
[Black "Suleimanov, Albert"]
[Result "0-1"]
[LiveChessVersion "1.4.6"]
[BlackElo "2033"]
[WhiteElo "2238"]

1. d4 {[%clk 1:30:00]} Nf6 {[%clk 1:30:55]} 2. c4 {[%clk 1:30:15]} e6
{[%clk 1:31:09]} 3. Nf3 {[%clk 1:29:46]} b6 {[%clk 1:31:28]} 4. g3
{[%clk 1:29:52]} Ba6 {[%clk 1:31:45]} 5. b3 {[%clk 1:28:49]} d5 {[%clk 1:30:29]}
6. Bg2 {[%clk 1:27:55]} Bb4+ {[%clk 1:30:39]} 7. Bd2 {[%clk 1:27:46]} Be7
{[%clk 1:30:58]} 8. O-O {[%clk 1:17:41]} O-O {[%clk 1:31:19]} 9. Bc3
{[%clk 1:14:49]} Ne4 {[%clk 1:26:24]} 10. Bb2 {[%clk 1:12:38]} f5
{[%clk 1:22:22]} 11. Ne5 {[%clk 1:07:25]} c6 {[%clk 1:19:32]} 12. Nd2
{[%clk 1:00:45]} Qc8 {[%clk 1:19:06]} 13. Rc1 {[%clk 0:53:41]} Bb7
{[%clk 1:19:01]} 14. f3 {[%clk 0:49:19]} Nxd2 {[%clk 1:14:10]} 15. Qxd2
{[%clk 0:49:37]} Nd7 {[%clk 1:14:25]} 16. e4 {[%clk 0:36:54]} Nxe5
{[%clk 1:10:07]} 17. dxe5 {[%clk 0:37:15]} dxc4 {[%clk 1:10:03]} 18. exf5
{[%clk 0:35:52]} cxb3 {[%clk 1:06:32]} 19. fxe6 {[%clk 0:26:01]} Qxe6
{[%clk 1:06:47]} 20. axb3 {[%clk 0:26:21]} Qxb3 {[%clk 1:00:21]} 21. f4
{[%clk 0:25:25]} Rad8 {[%clk 0:53:09]} 22. Qe2 {[%clk 0:22:51]} Bb4
{[%clk 0:47:04]} 23. Rfd1 {[%clk 0:15:13]} Rxd1+ {[%clk 0:46:38]} 24. Rxd1
{[%clk 0:15:41]} Ba6 {[%clk 0:46:32]} 0-1

[Event "ChampionshipRT"]
[Site "?"]
[Date "2015.10.06"]
[Round "5.8"]
[White "Nizamov, Bulat"]
[Black "Makhmutov, Rail"]
[Result "0-1"]
[LiveChessVersion "1.4.6"]
[BlackElo "2461"]
[WhiteElo "2091"]

1. d4 {[%clk 1:30:56]} Nf6 {[%clk 1:27:34]} 2. c4 {[%clk 1:31:15]} c5
{[%clk 1:27:56]} 3. d5 {[%clk 1:31:37]} b5 {[%clk 1:28:18]} 4. cxb5
{[%clk 1:31:52]} a6 {[%clk 1:28:43]} 5. bxa6 {[%clk 1:32:15]} g6 {[%clk 1:29:10]}
6. Nc3 {[%clk 1:32:36]} Bg7 {[%clk 1:29:29]} 7. Nf3 {[%clk 1:31:36]} O-O
{[%clk 1:29:35]} 8. e4 {[%clk 1:28:51]} Qa5 {[%clk 1:29:57]} 9. Bd2
{[%clk 1:21:12]} Bxa6 {[%clk 1:30:09]} 10. Bxa6 {[%clk 1:19:49]} Qxa6
{[%clk 1:29:41]} 11. Qe2 {[%clk 1:18:46]} d6 {[%clk 1:28:46]} 12. Qxa6
{[%clk 1:09:59]} Rxa6 {[%clk 1:28:42]} 13. O-O {[%clk 1:08:45]} Nbd7
{[%clk 1:29:06]} 14. Rab1 {[%clk 1:01:15]} Rb8 {[%clk 1:27:52]} 15. b3
{[%clk 0:58:36]} Ne8 {[%clk 1:17:02]} 16. a4 {[%clk 0:49:52]} Nc7
{[%clk 1:11:54]} 17. Ne2 {[%clk 0:47:44]} Ra7 {[%clk 1:04:50]} 18. Bc3
{[%clk 0:47:21]} Bh6 {[%clk 0:56:21]} 19. Bd2 {[%clk 0:44:45]} Bf8
{[%clk 0:56:17]} 20. Bc3 {[%clk 0:44:44]} Rab7 {[%clk 0:56:11]} 21. Nd2
{[%clk 0:44:50]} Bh6 {[%clk 0:55:35]} 22. f4 {[%clk 0:43:10]} f5 {[%clk 0:52:04]}
23. Ba5 {[%clk 0:36:43]} fxe4 {[%clk 0:43:51]} 24. Nc3 {[%clk 0:35:05]} Nb6
{[%clk 0:41:58]} 25. b4 {[%clk 0:29:00]} cxb4 {[%clk 0:26:19]} 26. Rxb4
{[%clk 0:28:50]} e3 {[%clk 0:26:05]} 27. Rfb1 {[%clk 0:24:25]} exd2
{[%clk 0:24:19]} 28. Nd1 {[%clk 0:05:08]} Ncxd5 {[%clk 0:22:22]} 29. Rb5
{[%clk 0:04:49]} Bxf4 {[%clk 0:22:17]} 30. Kf1 {[%clk 0:03:48]} e6
{[%clk 0:16:37]} 31. g3 {[%clk 0:03:26]} Bh6 {[%clk 0:16:20]} 32. Ke2
{[%clk 0:03:45]} Kf8 {[%clk 0:15:33]} 33. R1b2 {[%clk 0:01:30]} Ke8
{[%clk 0:15:17]} 34. Nc3 {[%clk 0:00:34]} Nxc3+ {[%clk 0:14:44]} 35. Bxc3
{[%clk 0:01:02]} Nxa4 {[%clk 0:14:43]} 0-1

[Event "ChampionshipRT"]
[Site "?"]
[Date "2015.10.06"]
[Round "5.9"]
[White "Shafigullina, Zarina"]
[Black "Kuznetsova, Darya"]
[Result "1-0"]
[LiveChessVersion "1.4.6"]
[BlackElo "1936"]
[WhiteElo "1933"]

1. d4 {[%clk 1:30:58]} e6 {[%clk 1:30:52]} 2. c4 {[%clk 1:31:20]} c5
{[%clk 1:31:17]} 3. d5 {[%clk 1:31:41]} exd5 {[%clk 1:31:40]} 4. cxd5
{[%clk 1:32:07]} d6 {[%clk 1:32:04]} 5. Nc3 {[%clk 1:32:34]} a6 {[%clk 1:32:26]}
6. Nf3 {[%clk 1:32:56]} b5 {[%clk 1:29:58]} 7. e4 {[%clk 1:33:00]} Nf6
{[%clk 1:26:12]} 8. Bd3 {[%clk 1:31:52]} g6 {[%clk 1:23:22]} 9. Bg5
{[%clk 1:29:33]} h6 {[%clk 1:18:37]} 10. Bh4 {[%clk 1:28:58]} Bg7
{[%clk 1:15:48]} 11. O-O {[%clk 1:27:14]} O-O {[%clk 1:07:42]} 12. Nd2
{[%clk 1:24:52]} Re8 {[%clk 0:59:39]} 13. f4 {[%clk 1:21:08]} Qb6
{[%clk 0:58:40]} 14. h3 {[%clk 1:20:34]} Nbd7 {[%clk 0:48:07]} 15. Kh1
{[%clk 1:18:58]} c4 {[%clk 0:45:17]} 16. Bc2 {[%clk 1:18:35]} Nc5
{[%clk 0:42:21]} 17. Bf2 {[%clk 1:09:58]} Qc7 {[%clk 0:39:18]} 18. e5
{[%clk 0:58:24]} Nh5 {[%clk 0:31:39]} 19. e6 {[%clk 0:52:03]} f5 {[%clk 0:29:07]}
20. Bxf5 {[%clk 0:46:16]} Nxf4 {[%clk 0:27:38]} 21. Bxc5 {[%clk 0:45:16]} dxc5
{[%clk 0:22:23]} 22. Be4 {[%clk 0:43:50]} Nh5 {[%clk 0:17:52]} 23. Ne2
{[%clk 0:37:49]} Ng3+ {[%clk 0:01:55]} 24. Nxg3 {[%clk 0:38:04]} Qxg3
{[%clk 0:02:23]} 25. Rf3 {[%clk 0:37:13]} Qg5 {[%clk 0:01:53]} 26. Qc2
{[%clk 0:34:14]} Bb7 {[%clk 0:01:23]} 27. Rf7 {[%clk 0:28:44]} Bxd5
{[%clk 0:00:53]} 28. Bxd5 {[%clk 0:29:01]} Qxd5 {[%clk 0:01:01]} 29. Qxg6
{[%clk 0:29:12]} Qe5 {[%clk 0:00:51]} 30. Ne4 {[%clk 0:29:13]} Rxe6
{[%clk 0:00:43]} 31. Rxg7+ {[%clk 0:28:31]} Qxg7 {[%clk 0:01:11]} 32. Qxe6+
{[%clk 0:28:55]} Kh8 {[%clk 0:01:35]} 33. Rf1 {[%clk 0:27:47]} Rg8
{[%clk 0:01:24]} 34. g3 {[%clk 0:26:38]} Rf8 {[%clk 0:01:23]} 35. Rxf8+
{[%clk 0:25:46]} Qxf8 {[%clk 0:01:51]} 36. Qf6+ {[%clk 0:24:58]} 1-0

[Event "ChampionshipRT"]
[Site "?"]
[Date "2015.10.06"]
[Round "5.10"]
[White "Shkalikova, Marina"]
[Black "Markelova, Lubov"]
[Result "0-1"]
[LiveChessVersion "1.4.6"]
[BlackElo "2090"]
[WhiteElo "1837"]

1. e4 {[%clk 1:30:58]} e6 {[%clk 1:27:36]} 2. d4 {[%clk 1:31:20]} d5
{[%clk 1:28:02]} 3. exd5 {[%clk 1:31:26]} exd5 {[%clk 1:28:24]} 4. Nf3
{[%clk 1:31:46]} Nf6 {[%clk 1:27:36]} 5. Be3 {[%clk 1:29:04]} Bg4
{[%clk 1:22:27]} 6. h3 {[%clk 1:29:23]} Bh5 {[%clk 1:22:31]} 7. Qe2
{[%clk 1:24:40]} Be7 {[%clk 1:10:32]} 8. Nc3 {[%clk 1:23:02]} c6 {[%clk 1:09:37]}
9. g4 {[%clk 1:22:41]} Bg6 {[%clk 1:09:57]} 10. Ne5 {[%clk 1:21:19]} Ne4
{[%clk 1:00:06]} 11. Nxe4 {[%clk 1:20:22]} Bxe4 {[%clk 1:00:11]} 12. f3
{[%clk 1:19:24]} Bg6 {[%clk 0:57:17]} 13. O-O-O {[%clk 1:19:32]} Nd7
{[%clk 0:44:26]} 14. Bf4 {[%clk 1:06:33]} Nxe5 {[%clk 0:41:50]} 15. Bxe5
{[%clk 1:02:54]} O-O {[%clk 0:41:33]} 16. Qh2 {[%clk 0:55:35]} Bh4
{[%clk 0:37:32]} 17. Bg2 {[%clk 0:47:15]} Re8 {[%clk 0:30:16]} 18. Bf1
{[%clk 0:25:06]} Qa5 {[%clk 0:22:18]} 19. a3 {[%clk 0:18:15]} b5 {[%clk 0:19:38]}
20. Qd2 {[%clk 0:14:49]} Qxd2+ {[%clk 0:15:40]} 21. Kxd2 {[%clk 0:14:46]} Bg5+
{[%clk 0:11:51]} 22. f4 {[%clk 0:12:46]} Be4 {[%clk 0:12:05]} 23. Rg1
{[%clk 0:11:03]} Bh4 {[%clk 0:08:18]} 24. Bd3 {[%clk 0:11:27]} f6
{[%clk 0:08:20]} 25. Bxe4 {[%clk 0:07:58]} fxe5 {[%clk 0:08:20]} 26. Bf5
{[%clk 0:08:16]} exf4 {[%clk 0:03:58]} 27. Bd7 {[%clk 0:08:02]} Red8
{[%clk 0:00:39]} 28. Bxc6 {[%clk 0:05:30]} Rab8 {[%clk 0:01:06]} 29. a4
{[%clk 0:04:51]} a6 {[%clk 0:01:31]} 30. axb5 {[%clk 0:04:46]} axb5
{[%clk 0:01:28]} 31. Ra1 {[%clk 0:04:45]} Rb6 {[%clk 0:01:38]} 32. Ba8
{[%clk 0:04:19]} f3 {[%clk 0:01:34]} 33. Ra7 {[%clk 0:03:10]} f2 {[%clk 0:01:38]}
34. Rga1 {[%clk 0:02:28]} Re6 {[%clk 0:01:13]} 35. Bb7 {[%clk 0:00:59]} Re1
{[%clk 0:01:01]} 36. Ra8 {[%clk 0:00:37]} Bg5+ {[%clk 0:00:53]} 37. Kc3
{[%clk 0:00:40]} f1=Q {[%clk 0:01:10]} 38. Bxd5+ {[%clk 0:00:59]} Kf8
{[%clk 0:01:35]} 0-1

[Event "ChampionshipRT"]
[Site "?"]
[Date "2015.10.07"]
[Round "6.1"]
[White "Toropov, Pavel"]
[Black "Samusenko, Maksim"]
[Result "0-1"]
[LiveChessVersion "1.4.6"]
[BlackElo "2334"]
[WhiteElo "2262"]

1. c4 {[%clk 1:27:29]} g6 {[%clk 1:30:47]} 2. Nc3 {[%clk 1:27:55]} Bg7
{[%clk 1:31:09]} 3. g3 {[%clk 1:28:21]} d6 {[%clk 1:31:29]} 4. Bg2
{[%clk 1:28:47]} e5 {[%clk 1:31:44]} 5. Nf3 {[%clk 1:28:29]} Nc6 {[%clk 1:31:57]}
6. O-O {[%clk 1:28:42]} Nge7 {[%clk 1:32:15]} 7. Rb1 {[%clk 1:28:43]} a5
{[%clk 1:30:53]} 8. d3 {[%clk 1:28:35]} O-O {[%clk 1:31:09]} 9. a3
{[%clk 1:27:45]} Nd4 {[%clk 1:31:02]} 10. Nxd4 {[%clk 1:16:24]} exd4
{[%clk 1:31:25]} 11. Nd5 {[%clk 1:16:33]} c6 {[%clk 1:30:18]} 12. Nxe7+
{[%clk 1:16:24]} Qxe7 {[%clk 1:30:47]} 13. Re1 {[%clk 1:16:00]} Re8
{[%clk 1:28:46]} 14. e4 {[%clk 1:14:49]} dxe3 {[%clk 1:26:35]} 15. Rxe3
{[%clk 1:00:33]} Be6 {[%clk 1:21:34]} 16. Bd2 {[%clk 1:00:40]} Qd7
{[%clk 1:07:52]} 17. Bc3 {[%clk 0:59:42]} d5 {[%clk 1:07:34]} 18. Bxg7
{[%clk 0:54:52]} Kxg7 {[%clk 1:08:03]} 19. cxd5 {[%clk 0:29:38]} Bxd5
{[%clk 1:08:04]} 20. Bxd5 {[%clk 0:30:04]} Qxd5 {[%clk 1:04:17]} 21. Qe2
{[%clk 0:30:03]} Rxe3 {[%clk 1:01:37]} 22. Qxe3 {[%clk 0:30:31]} Rd8
{[%clk 1:00:24]} 23. Re1 {[%clk 0:23:42]} Qf5 {[%clk 0:42:43]} 24. Rd1
{[%clk 0:11:43]} c5 {[%clk 0:39:07]} 25. d4 {[%clk 0:06:44]} Qd5 {[%clk 0:37:55]}
26. Qf4 {[%clk 0:02:53]} cxd4 {[%clk 0:37:38]} 27. Rd3 {[%clk 0:03:16]} a4
{[%clk 0:32:16]} 28. h4 {[%clk 0:03:34]} h6 {[%clk 0:30:31]} 29. Qd2
{[%clk 0:01:48]} Qe4 {[%clk 0:28:27]} 30. Qd1 {[%clk 0:02:00]} b5
{[%clk 0:27:00]} 31. Qd2 {[%clk 0:02:07]} Rd6 {[%clk 0:26:08]} 32. f3
{[%clk 0:02:00]} Qd5 {[%clk 0:22:58]} 33. Kg2 {[%clk 0:00:42]} g5
{[%clk 0:22:50]} 34. hxg5 {[%clk 0:00:41]} hxg5 {[%clk 0:23:17]} 35. g4
{[%clk 0:00:45]} Qe5 {[%clk 0:23:25]} 36. Qf2 {[%clk 0:00:46]} Rh6
{[%clk 0:20:28]} 37. f4 {[%clk 0:00:34]} Qe4+ {[%clk 0:20:35]} 38. Qf3
{[%clk 0:00:47]} Qxf3+ {[%clk 0:20:58]} 39. Rxf3 {[%clk 0:00:36]} Rc6
{[%clk 0:21:16]} 40. Rf2 {[%clk 0:00:32]} d3 {[%clk 0:21:08]} 41. fxg5
{[%clk 0:00:53]} Rc2 {[%clk 0:21:26]} 42. Kf3 {[%clk 0:01:20]} d2
{[%clk 0:21:47]} 43. Ke4 0-1